[Event "Madrid-chT 1011"]
[Site "Madrid"]
[Date "2011.01.23"]
[Round "7.35"]
[White "Prieto Martin, Alfonso"]
[Black "Sanchez Rojo, Gustavo"]
[Result "0-1"]
[WhiteElo "2173"]
[BlackElo "2201"]
[PlyCount "92"]
[EventDate "2010.11.21"]
[EventType "team-tourn"]
[EventRounds "14"]
[EventCountry "ESP"]
[SourceTitle "EXT 2012"]
[Source "ChessBase"]
[SourceDate "2011.11.24"]
[SourceVersion "1"]
[SourceVersionDate "2011.11.24"]
[SourceQuality "1"]
[WhiteTeam "Leganes"]
[BlackTeam "Moratalaz"]
[WhiteTeamCountry "ESP"]
[BlackTeamCountry "ESP"]

1. c4 Nf6 2. Nc3 g6 3. d4 Bg7 4. e4 d6 5. f3 0-0 6. Be3 c5 7. Nge2 Nc6 8. Qd2 cxd4 9. Nxd4 a6 10. 0-0-0 Qc7 11. g4 Be6 12. Kb1 Nxd4 13. Bxd4 Bxc4 14. g5 Nh5 15. Bxg7 Nxg7 16. Bxc4 Qxc4 17. Nd5 Rae8 18. Rc1 Qa4 19. Rc7 Ne6 20. Rxb7 Qd4 21. Qxd4 Nxd4 22. Nxe7+ Kg7 23. f4 Rb8 24. Rxb8 Rxb8 25. Rc1 Ne2 26. Rc6 Nxf4 27. Rxa6 Nd3 28. b3 Nc5 29. Rxd6 Nxe4 30. Rd3 Nxg5 31. a4 Ne4 32. Ka2 f5 33. a5 Rb5 34. Nc6 Rc5 35. Rd7+ Kf6 36. Rc7 Nc3+ 37. Kb2 Nd5 38. Rc8 Nb4 39. Rf8+ Kg7 40. Rc8 Rxc6 41. Rb8 Nd3+ 42. Ka3 Rc1 43. b4 Nxb4 44. Rxb4 Ra1+ 45. Kb3 Rxa5 46. Kc3 Rd5 0-1

[Event "Madrid-chT 1011"]
[Site "Madrid"]
[Date "2011.01.16"]
[Round "6.24"]
[White "Prieto Martin, Alfonso"]
[Black "Nieto de la Cruz, Julio"]
[Result "1/2-1/2"]
[WhiteElo "2173"]
[BlackElo "2135"]
[PlyCount "108"]
[EventDate "2010.11.21"]
[EventType "team-tourn"]
[EventRounds "14"]
[EventCountry "ESP"]
[SourceTitle "EXT 2012"]
[Source "ChessBase"]
[SourceDate "2011.11.24"]
[SourceVersion "1"]
[SourceVersionDate "2011.11.24"]
[SourceQuality "1"]
[WhiteTeam "Leganes"]
[BlackTeam "Pueblo Nuevo"]
[WhiteTeamCountry "ESP"]
[BlackTeamCountry "ESP"]

1. c4 c5 2. Nc3 Nc6 3. Nf3 e5 4. g3 g6 5. Bg2 Bg7 6. 0-0 Nge7 7. d3 0-0 8. Ne1 d6 9. Nc2 f5 10. f4 h6 11. Ne3 exf4 12. gxf4 Bd4 13. Kh1 g5 14. Ned5 Ng6 15. e3 Bg7 16. Bd2 Nh4 17. Rg1 Be6 18. Qe2 g4 19. Be1 Nxg2 20. Qxg2 a6 21. Bg3 Rb8 22. a4 Rf7 23. Qf2 b5 24. Bh4 Qd7 25. a5 Qb7 26. Rgb1 Nb4 27. Qg2 Nxd3 28. cxb5 axb5 29. a6 Qa7 30. Ne7+ Rxe7 31. Bxe7 Nb4 32. Rd1 Nxa6 33. Bxd6 Rd8 34. Qc6 Nb4 35. Qxb5 Qf7 36. Qxc5 Nc2 37. Ra7 Bd7 38. Nd5 Qe6 39. Ne7+ Kh8 40. Rxd7 Qxd7 41. Qxc2 Qb7+ 42. Qc6 Qb3 43. Qd5 Qxb2 44. Nxf5 Bf6 45. Nxh6 g3 46. hxg3 Kg7 47. Nf5+ Kg6 48. Nh4+ Kg7 49. e4 Qf2 50. Nf5+ Kg6 51. Nh4+ Bxh4 52. gxh4 Qf3+ 53. Kg1 Qg3+ 54. Kf1 Qf3+ 1/2-1/2

[Event "Parla op 25th"]
[Site "Parla"]
[Date "2010.09.06"]
[Round "6"]
[White "Prieto Martin, Alfonso"]
[Black "Barria Zuniga, Daniel"]
[Result "0-1"]
[WhiteElo "2170"]
[BlackElo "2419"]
[PlyCount "54"]
[EventDate "2010.09.04"]
[EventType "swiss"]
[EventRounds "9"]
[EventCountry "ESP"]
[SourceTitle "CBM 138 Extra"]
[Source "ChessBase"]
[SourceDate "2010.10.29"]
[SourceVersion "1"]
[SourceVersionDate "2010.10.29"]
[SourceQuality "1"]

1. e4 c5 2. c3 d5 3. exd5 Qxd5 4. d4 Nf6 5. Nf3 Bg4 6. Be2 e6 7. 0-0 Nc6 8. Be3 cxd4 9. cxd4 Bb4 10. Nc3 Qd6 11. h3 Bh5 12. Qb3 0-0 13. Rfd1 Rfd8 14. Rac1 a6 15. a3 Ba5 16. d5 exd5 17. g4 Bg6 18. g5 Bxc3 19. gxf6 Bxf6 20. Qxb7 Ne5 21. Rc5 d4 22. Nxe5 Qxc5 23. Bxd4 Qc2 24. Qf3 Bxe5 25. Bxe5 Rxd1+ 26. Bxd1 Qe4 27. Qc3 Re8 0-1